| Tag |
First Indicator |
Second Indicator |
Subfields |
| LEADER |
00000pam a2200000 a 4500 |
| 001 |
in00000080725 |
| 005 |
20151008054047.0 |
| 008 |
801003s1981 gau b 00110 engm |
| 010 |
|
|
|a 80082183
|
| 020 |
|
|
|a 0804201439 :
|c $16.50 (est.)
|
| 020 |
|
|
|a 0804201420 (pbk.) :
|c $9.95 (est.)
|
| 035 |
|
|
|a (OCoLC)06864888
|
| 035 |
|
|
|9 AAH9504AM
|
| 040 |
|
|
|a DLC
|c DLC
|d m.c.
|d TXA
|d UtOrBLW
|
| 049 |
|
|
|a TXAM
|c [985540]
|
| 050 |
0 |
0 |
|a BS1455
|b .C67
|
| 082 |
0 |
|
|a 223/.06
|2 19
|
| 100 |
1 |
|
|a Crenshaw, James L.
|
| 245 |
1 |
0 |
|a Old Testament wisdom :
|b an introduction /
|c James L. Crenshaw.
|
| 264 |
|
1 |
|a Atlanta, Ga. :
|b John Knox Press,
|c [1981]
|
| 264 |
|
4 |
|c ©1981
|
| 300 |
|
|
|a 284 pages ;
|c 21 cm.
|
| 336 |
|
|
|a text
|b txt
|2 rdacontent
|
| 337 |
|
|
|a unmediated
|b n
|2 rdamedia
|
| 338 |
|
|
|a volume
|b nc
|2 rdacarrier
|
| 500 |
|
|
|a Includes indexes.
|
| 504 |
|
|
|a Bibliography: pages [264]-272.
|
| 650 |
|
0 |
|a Wisdom literature
|x Criticism, interpretation, etc.
|
| 999 |
|
|
|a MARS
|
| 999 |
f |
f |
|s 092307c1-9549-3319-bd77-534691994ad4
|i edb5d7ff-2b3e-39e8-8e5e-ed90935d143c
|t 0
|
| 952 |
f |
f |
|p normal
|a Texas A&M University
|b College Station
|c Sterling C. Evans Library
|d Evans: Library Stacks
|t 0
|e BS1455 .C67
|h Library of Congress classification
|i unmediated -- volume
|m A14806091721
|
| 998 |
f |
f |
|a BS1455 .C67
|t 0
|l Evans: Library Stacks
|